[Event "Ciocaltea Memorial"]
[Site "Bucharest"]
[Date "2003.03.11"]
[Round "8"]
[White "Grigore, George Gabriel"]
[Black "Manolache, Marius"]
[Result "1-0"]
[WhiteElo "2482"]
[BlackElo "2430"]
[Annotator "Finkel,A"]
[PlyCount "99"]
[EventDate "2003.03.04"]
[EventType "tourn"]
[EventRounds "13"]
[EventCountry "ROU"]
[EventCategory "9"]
[SourceTitle "CBM 094"]
[Source "ChessBase"]
[SourceDate "2003.05.26"]
[SourceVersion "1"]
[SourceVersionDate "2003.05.26"]
[SourceQuality "1"]

1. d4 Nf6 2. Bg5 Ne4 3. Bf4 c5 4. f3 Qa5+ 5. c3 Nf6 6. Nd2 $5 cxd4 7. Nb3 Qb6 (
7... Qd8 $5 8. cxd4 d5 9. Rc1 Nc6 10. e3 e6 11. Bd3 (11. Bb5 $5 $14) 11... Bb4+
12. Kf2 O-O 13. Ne2 Re8 14. Bb5 Qb6 15. Bxc6 bxc6 16. Qc2 Ba6 17. Qxc6 Bc4 18.
Qa4 a5 19. Nc3 Nh5 20. Bg3 Nxg3 21. hxg3 e5 $1 $40 {Vegh,E-Acs,P/Budapest FS02
GM/1998/}) 8. Qxd4 Nc6 (8... Qxd4 9. cxd4 d5 10. e3 e6 11. g4 $14 {[%csl Gf3,
Gg4,Gh4] ()>>,Salov,V-Akopian,V/Wijk m (2)/1993/}) 9. Qxb6 axb6 10. Be3 $5 {
Favorite move of GM I.Miladinovic, who is probably one of the leading experts
in this variation. The idea behind this move is to force black to play b5
intending to attack the pawn on this square later on or to trade the knights
after ...Na5 intending to fight for advantage due to more flexible pawn
structure.} (10. Nd4 e5 (10... Nd5 $2 11. Nb5 $1 Ra4 12. Bd2 Na5 13. O-O-O d6
14. e4 Nf6 15. Kb1 Nc4 16. Bc1 $14 {[%csl Rb6] Rausis,I-Ivanov,V/Riga/1993}) (
10... Nxd4 11. cxd4 e6 12. e4 d5 13. e5 Nd7 14. Bd2 Nb8 15. Bd3 Nc6 16. Ne2 Bd7
17. O-O $14 {Knaak,R-Volke,K/BL 9798}) 11. Nxc6 dxc6 (11... exf4 12. Nd4 Nd5 (
12... Bc5 13. g3 Nd5 14. gxf4 Ne3 15. Kd2 Nxf1+ 16. Rxf1 Rxa2 17. Kc2 d6 18. e3
Bd7 $13 {Berkes,F-Flumbort,A/Hungary 1997}) (12... d5 13. e3 (13. g3 Bd6 14.
Nb5 Bb8 15. gxf4 Bxf4 16. e3 Bb8 17. Ne2 g5 $15 {Profit,B-Littke,A/CAN-op/1994}
) 13... fxe3 14. Ke2 Bd6 15. Kxe3 O-O 16. Kf2 Bd7 17. Bd3 Bc6 18. Nge2 Nd7 19.
a3 Ne5 $11 {Rogers,I-Ftacnik,L/Znojmo 1999}) (12... g6 13. Nh3 $6 {[%csl Rh3]}
Bd6 14. Nb5 Be5 15. e3 fxe3 16. Ke2 O-O 17. Kxe3 Re8 18. Kd2 d5 $13 {Miles,
A-Olafsson,H/Reykjavik 1998}) 13. g3 g5 14. e4 Ne3 15. Bb5 Bg7 16. Nge2 $14 {
Soffer,R-Mikhalevski,V/Tel Aviv 1994}) 12. Bxe5 Be6 13. a3 b5 14. e4 b4 15.
cxb4 Bxb4+ 16. Ke2 (16. Kf2 Bc5+ 17. Ke1 Bb4+ 18. Ke2 Ba5 19. Nh3 Bb3 20. Nf4
O-O-O 21. Bc3 Bb6 22. Ke1 Rhe8 $44 {Miles,A-Hebden,M/Millfield 2000}) 16... O-O
$6 17. Rc1 Ba5 18. Bc3 $16 {Karttunen,M-Volokitin,A/Halkidiki 2002/CBM 92_01})
(10. a3 d5 (10... e5 $5 11. Be3 d5 12. Bxb6 d4 13. cxd4 Be6 14. d5 (14. Nc5
$143 Nd5 $1 15. Nxe6 fxe6 16. Bc5 Nxd4 17. Bxd4 exd4 18. Rc1 Bd6 $36 {
Kovacevic,V-Smirin,I/Zagreb zt/1993}) (14. dxe5 $2 Nd7 $19) 14... Nxd5 15. Bc5
Be7 16. Kf2 f5 17. Bxe7 Kxe7 18. Nc5 f4 19. g3 Bf7 20. h4 b6 21. Nd3 Bg6 22.
gxf4 Bxd3 23. exd3 Nxf4 $44 {Lesiege,A-Shaked,T/Mermaid Beach Club/1997/}) 11.
Nd4 e5 $5 12. Nxc6 exf4 13. Nd4 Bd6 14. Kf2 O-O 15. e3 fxe3+ 16. Kxe3 Nd7 17.
Bb5 Ne5 18. Kd2 Nc4+ 19. Kc1 g6 20. Nge2 h5 21. g3 Kg7 22. a4 Be5 23. Kc2 Nd6
24. Bd3 Bd7 25. b3 Rfe8 26. Kd2 Ra5 27. Rhd1 h4 28. Rh1 Rh8 $132 {Giorgadze,
T-Dorfman,J/URS-ch sf/1984/}) (10. e4 d5 $10) 10... Na5 $5 {Not such a bad
move which wasn't tried before for no particular reason!} (10... b5 {Finkel,A}
11. Nd4 (11. Bd2 e5 12. a3 (12. e4 b4 13. Bb5 d5 (13... bxc3 14. Bxc3 Bb4 (
14... d5 15. exd5 Nxd5 16. Bxe5 Bb4+ 17. Kf2 O-O 18. Bxc6 bxc6 19. a3 Re8 $36 {
Delchev,A-Del Rio Angelis,S/Linares 2003}) 15. Ne2 Ke7 16. Rc1 Rxa2 $2 17. Bxc6
Bxc3+ 18. Nxc3 $18 {Miladinovic,I-Ivanov,J/Salou 2000}) 14. cxb4 dxe4 15. a3
Bd7 16. Bc3 Nd5 17. fxe4 Ne3 18. Kf2 Ng4+ 19. Ke2 Nf6 20. Bd3 $16 {Miladinovic,
I-Banikas,H/Panormo 1998}) 12... d6 13. e4 Be6 14. Nc1 Bc4 15. Nge2 Na5 16. Ng3
Bxf1 17. Rxf1 Nc4 18. Nd3 d5 19. Ke2 h5 $13 {Alvarez,J-Garcia,O/Cuba 1995})
11... b4 (11... Nxd4 12. Bxd4 d6 (12... e6 13. e4 b4 14. Bc4 (14. Bb5 bxc3 15.
Bxc3 Be7 16. Ne2 O-O 17. Nf4 d6 18. a3 Rd8 19. O-O-O $14 {Miladinovic,
I-Grigore,G/Istanbul 2002}) 14... bxc3 15. Bxc3 Bc5 16. e5 Ng8 17. Ne2 Ne7 18.
Ng3 Nc6 19. Ne4 Bd4 20. Bxd4 Nxd4 21. O-O $14 {Roiz,M-Yeke,S/Tel Aviv 1998})
13. e4 Bd7 14. Bd3 (14. Bxf6 gxf6 15. Ne2 e6 (15... f5 16. exf5 Bg7 17. Nf4 Rc8
18. Nh5 Bh6 19. Bd3 Rc5 20. g4 $16 {Torre,E-Barbosa,O/Makati 2002}) 16. a3 d5
17. exd5 b4 18. dxe6 fxe6 19. cxb4 Bxb4+ 20. Nc3 Rg8 21. Rc1 Ba5 22. g3 $14 {
Miladinovic,I-Matamoros Franco,C/Dos Hermanas 2000}) 14... e5 15. Bf2 Be7 16.
Ne2 O-O (16... Bc6 17. O-O Nd7 18. Ng3 g6 19. Rfd1 h5 20. Nf1 Nc5 21. Bc2 Ne6
22. Ne3 $16 {Stefanova,A-Handke,F/Andorra 2001}) 17. O-O d5 18. exd5 Nxd5 19.
Rfd1 Bc6 20. Ng3 Rfd8 21. a3 Nf4 22. Bf1 Ne6 $11 {Lukasiewicz,G-Giffard,N/
Cannes 1997}) (11... Nd5 12. Bf2 Nxd4 (12... Nc7 13. Bg3 d6 14. e4 Nxd4 15.
cxd4 g6 16. Bd3 Bg7 17. Ne2 Bd7 18. Bf2 $14 {Miladinovic,I-Ftacnik,L/Istanbul
2000}) 13. Bxd4 e5 14. Bf2 b4 15. c4 Nc7 16. e3 Bc5 17. Ne2 O-O 18. Nc1 d6 19.
Nb3 Be6 $13 {Lyukmanov,V-Wang,M/Rusakov mem email 1999}) 12. Nb5 Ra4 13. Nc7+
Kd8 14. Bb6 bxc3 15. Ne6+ {1/2,Milov,V-Smirin,I/Struga zt/1995/}) (10... e5 11.
Bxb6 d5 12. e4 (12. a3 Be6 13. Nc5 d4 14. e4 dxc3 15. bxc3 Nd7 16. Nxd7 Bxd7
17. a4 Na5 18. Rb1 $14 {Halkias,S-Begnis,N/Kavala 1999}) (12. g3 d4 13. e4 Nd7
14. Bc7 Nc5 15. Nxc5 Bxc5 16. b4 Kd7 17. Bxe5 Nxe5 18. bxc5 dxc3 19. f4 $16 {
Lukasiewicz,G-Henze,R/Geneve 2001}) 12... dxe4 (12... Be6 13. Bb5 (13. Nc5 Bxc5
14. Bxc5 dxe4 15. a3 Bb3 16. Bb5 Rd8 17. Bb6 Rd5 18. c4 Rd3 19. fxe4 Nxe4 20.
Nf3 $16 {Lyukmanov,V-Thomson,T/Rusakov mem email 1999}) 13... Nd7 (13... dxe4
14. Nc5 Bxc5 15. Bxc5 Rxa2 16. Rxa2 Bxa2 17. Nh3 Nd7 18. Bd6 Na7 19. Be2 Nc8
20. Ba3 f6 $13 {Berend,F-Polzin,R/Panormo 2001}) 14. Bf2 dxe4 15. Nd2 exf3 16.
Ngxf3 Be7 17. O-O O-O 18. a4 Rfd8 19. b4 Rac8 $13 {Dishman,S-Simons,M/England
1998}) 13. Bc4 (13. Bb5 Be6 14. Nc5 Bxc5 15. Bxc5 O-O-O 16. a4 Rd5 17. Bb6 Re8
$13 {Miladinovic,I-Smirin,I/Leon 2001}) 13... Bf5 14. Ne2 exf3 15. gxf3 Be7 16.
Ng3 Bg6 17. O-O O-O 18. a4 Rfc8 19. a5 $14 {Dishman,S-Kinsman,A/Sutton 1997}) (
10... Ne5 $5 11. Nd4 Nc4 12. Bf2 Nxb2 13. Nb5 Ra4 14. Nc7+ Kd8 15. Bxb6 Nc4 16.
Ne6+ Ke8 17. Nc7+ Kd8 {1/2-1/2 Miladinovic,I-Vouldis,A/Halkidiki 2002}) 11.
Nxa5 bxa5 12. Bd4 d6 $6 {The pawn belongs to d5 in this kind of positions so
more in the spirit of the position was} (12... d5 13. Rd1 e6 14. e4 dxe4 15.
Bxf6 gxf6 16. Bb5+ Ke7 17. fxe4 Bh6 18. Nf3 Bf4 19. g3 Bd6 $11 {[%cal Gb7b6,
Gc8b6,Gh8d8]}) 13. e4 e5 14. Bf2 Be6 $6 {Missing the chance to transfer ...d5,
which would still promise black playable position after} (14... d5 $1 15. exd5
(15. Bb5+ Bd7 16. Bxd7+ Kxd7 17. exd5 (17. Bh4 dxe4 18. Bxf6 gxf6 19. fxe4 Rg8
20. Kf2 Ke6 $13 {[%cal Gf6f5]}) 17... Nxd5 18. O-O-O Kc6 19. Ne2 b5 $13) 15...
Nxd5 16. O-O-O Be6 17. Bb5+ Ke7 18. Ne2 Nc7 $13 {[%csl Ra2]}) 15. Bb5+ Bd7 16.
Bxd7+ Nxd7 17. Ne2 $6 {More accurate was immediate} (17. c4 $1 $16) 17... Be7 (
17... b5 $1 18. Rd1 b4 19. O-O Be7 20. Rd3 O-O 21. Rfd1 $14) 18. c4 $16 {
After this move black's position extremly difficult. Black pawn on d6 is a
target for white pieces not to mention the fact that black pawns on the
queenside are pretty vulnerable too.} O-O 19. Nc3 f5 $6 (19... g6 20. O-O f5
21. Rad1 Rac8 22. b3) 20. exf5 $1 {[%csl Ge4]} Rxf5 21. O-O Rc8 22. b3 h5 $6 {
[%csl Rh5] Best chance to preolong the struggle was bringing the king to e6 to
take care of d6.} (22... Kf7 23. Rad1 Ke6 24. Rd5 b6 25. Rfd1 Rc6 $16) 23. Rad1
Rc6 24. Rd5 b6 25. Rfd1 Nc5 (25... Kf7 26. Ne4 Ke6 27. Ng3 $18) 26. Nb5 $18 {
It turns out that black can't avoid material losses. The rest is just a matter
of techique.} Rf6 27. Bh4 Re6 28. Bxe7 Rxe7 29. Nxd6 e4 30. Re1 (30. fxe4 Nxe4
31. Re1 Nf6 32. Rxe7 Nxd5 33. Nf5 $1 Rf6 34. Rxg7+ Kf8 35. Rg5 $18) 30... a4
31. Nxe4 axb3 32. axb3 Kf7 (32... Nxb3 33. Rd8+ Kf7 34. Ng5+ Kf6 35. Rf8+ Kxg5
36. Rxe7 $18) 33. Kf2 g6 34. Nxc5 Rxe1 35. Kxe1 bxc5 36. Kd2 Ra6 37. Ke3 Ra2
38. g3 Rb2 39. Rxc5 Rxb3+ 40. Kf4 Rb2 41. Rc7+ Kf6 42. Rc6+ Kf7 43. Kg5 Rxh2
44. Rf6+ Ke7 45. Rxg6 Rh3 46. Kf4 h4 47. g4 Rh1 48. Rh6 Kf7 49. c5 Kg7 50. Rh5
1-0

[Event "EU-ch 4th"]
[Site "Istanbul"]
[Date "2003.06.08"]
[Round "9"]
[White "Huzman, Alexander"]
[Black "Sutovsky, Emil"]
[Result "0-1"]
[WhiteElo "2589"]
[BlackElo "2652"]
[Annotator "Finkel,A"]
[PlyCount "76"]
[EventDate "2003.05.30"]
[EventType "swiss"]
[EventRounds "13"]
[EventCountry "TUR"]
[SourceTitle "CBM 096"]
[Source "ChessBase"]
[SourceDate "2003.09.25"]
[SourceVersion "1"]
[SourceVersionDate "2003.09.25"]
[SourceQuality "1"]

1. d4 Nf6 2. Bg5 c5 3. d5 Ne4 4. Bc1 e5 $5 {Very logical move which was tried
very few times in the tournament practice.} 5. g3 (5. dxe6 fxe6 6. g3 d5 7. Bg2
Nd6 8. Nf3 Be7 9. O-O Nc6 10. Nc3 O-O $15 {Blaha,M-Vacek,R/CZE 1997}) 5... f5 (
5... d6 6. Bg2 Nf6 7. Nc3 Be7 8. e4 O-O 9. a4 Ne8 10. Nge2 Bg5 11. O-O Bxc1 12.
Qxc1 Nd7 $132 {Nun,J-Pribyl,J/Decin 1975}) 6. Bg2 {After thi move black is
doing ok. An only chance to pose black some problems was} (6. f3 Nf6 7. e4 d6
8. Nc3 Be7 9. Bh3 fxe4 10. fxe4 O-O 11. Qe2 $14 {Tibensky,R-Movsesian,S/
Trencin 1995}) 6... d6 7. Nh3 Be7 8. f3 Nf6 9. Nc3 (9. c4 O-O 10. Nc3 Qe8 11.
O-O Na6 12. e4 fxe4 13. f4 Bg4 14. Qb3 Nb4 15. Nf2 $13) 9... O-O 10. O-O Qe8
11. a4 Na6 12. Nf2 Qg6 13. e4 Nb4 14. Nb5 (14. exf5 Bxf5 15. Nfe4 Nxe4 16. Nxe4
Bxe4 17. fxe4 Rxf1+ 18. Kxf1 Bg5 19. Bxg5 Qxg5 20. Qe2 $13) 14... fxe4 15. fxe4
Ng4 16. c3 (16. Bf3 Rxf3 17. Qxf3 Nxc2 18. Rb1 a6 19. Nc3 Nd4 20. Qg2 Qh5 $36)
16... Nxf2 17. Rxf2 Rxf2 18. Kxf2 Bg4 19. Qd2 Na6 20. Qc2 (20. b3) 20... Qh5
21. Kg1 Bd1 $1 22. Qd3 c4 (22... Be2 23. Qe3 c4) 23. Qxc4 Be2 24. Qa2 Bd3 25.
Be3 Qe2 26. Bf2 Rf8 27. Bxa7 Bg5 28. b4 $2 {[%csl Ra2,Re4] Missing black's
30th move. It was necessary to play} (28. Nxd6 Be3+ 29. Bxe3 Qxe3+ 30. Kh1 Nc5
(30... Rf2 $2 31. Nf5 Qe2 32. d6+ Bc4 33. d7 $18) 31. Nf5 Rxf5 32. exf5 Ne4 33.
h3 Nxg3+ 34. Kh2 Qf4 35. d6+ Kf8 36. d7 Ne2+ 37. Kh1 Ng3+ 38. Kg1 Ne2+ $11)
28... Be3+ 29. Kh1 (29. Bxe3 Qxe3+ 30. Kh1 Rf2 $19) 29... Rf1+ $1 $19 30. Rxf1
Qxa2 31. Bxe3 Bxf1 32. Bxf1 Qb1 33. Kg1 Qxe4 34. Bb6 Qxd5 35. a5 Qd2 36. Bc4+
d5 37. Bf1 d4 38. cxd4 e4 0-1

[Event "EU-Cup 18th"]
[Site "Kallithea"]
[Date "2002.09.26"]
[Round "5.2"]
[White "Karttunen, Mika"]
[Black "Relange, Eloi"]
[Result "0-1"]
[WhiteElo "2434"]
[BlackElo "2494"]
[Annotator "Finkel,A"]
[PlyCount "54"]
[EventDate "2002.09.22"]
[EventType "team-swiss"]
[EventRounds "7"]
[EventCountry "GRE"]
[SourceTitle "CBM 092"]
[Source "ChessBase"]
[SourceDate "2003.02.06"]
[SourceVersion "1"]
[SourceVersionDate "2003.02.06"]
[SourceQuality "1"]
[WhiteTeam "Joensuu"]
[BlackTeam "Clichy Echecs 92"]
[WhiteTeamCountry "FIN"]
[BlackTeamCountry "FRA"]

1. d4 Nf6 2. Bg5 e6 3. e4 h6 4. Bxf6 Qxf6 5. c3 d6 6. Bd3 Qg5 $5 {Interesting
move forcing white to weaken kingside by playing g3.} (6... e5 7. Ne2 g6 8. O-O
Bg7 9. Na3 (9. f4 exd4 (9... Qe7 10. Nd2 O-O 11. Nf3 c5 12. Kh1 Nc6 13. fxe5
dxe5 14. d5 Nd8 15. Ng3 b6 16. Qc2 Nb7 17. Rae1 Nd6 $15 {Neiman,E-Razuvaev,Y/
Porto San Giorgio 1999}) 10. cxd4 Nc6 11. e5 Qd8 12. Nbc3 O-O 13. Rc1 dxe5 14.
dxe5 g5 15. Nd5 gxf4 16. Nexf4 Nxe5 17. Rxc7 $36 {Hodgson,J-Ward,C/Millfield
2000}) 9... O-O 10. Nc2 exd4 11. cxd4 c5 12. Ne3 Nc6 13. Nd5 Qh4 14. dxc5 dxc5
15. Nec3 Be6 16. Rc1 Rad8 $11 {Summerscale,A-Adams,M/France 1999}) (6... g6 7.
Ne2 Bg7 8. O-O Nd7 9. f4 Qe7 10. e5 b6 11. Be4 d5 12. Bd3 h5 13. c4 Bb7 14.
cxd5 Bxd5 15. Nbc3 $14 {Hodgson,J-Ivanov,A/Philadelphia 2000}) 7. g3 e5 8. Nd2
g6 9. Ne2 $5 (9. Ngf3 Qf6 10. O-O Bg7 11. Kg2 O-O 12. h3 Nc6 $13) 9... Bg7 10.
f4 Qe7 11. O-O Bh3 12. Rf2 Nd7 13. Qb3 (13. dxe5 dxe5 14. f5 O-O-O $17 {
[%cal Gd7c5]}) 13... Rb8 14. Qa3 exd4 $5 {Opening a center seems to be very
decent idea under the circumstances however also after calm} (14... a6 {
black is doing fine} 15. fxe5 dxe5 16. Qxe7+ Kxe7 17. Bc4 Rhf8 $13 {with
unclear position.}) 15. cxd4 c5 16. e5 (16. Qxa7 O-O 17. Nf3 Ra8 18. Qxb7 Rab8
19. Qa6 Rxb2 $44) 16... O-O 17. Nc4 dxe5 18. dxe5 b5 19. Ne3 Rfd8 $1 {[%cal
Gg7f8] Bringing the bishop to c5.} 20. Qxa7 {At least taking a pawn.} (20. Nd5
Qe6 21. Be4 Nb6 22. Nxb6 Qxb6 $15) 20... c4 21. Bc2 (21. Be4 Qc5 22. Qxc5 Nxc5
23. Bg2 Be6 $44) 21... Bf8 22. Qd4 $6 ({Better try was} 22. Nc3 $5 {[%cal
Gc3e4] trying to prevent black bishop to come to c5.}) 22... Qe6 23. Qe4 (23.
f5 Qxe5 24. Qxe5 Nxe5 25. Nf4 Bc5 26. Re1 Ng4 $19 {[%cal Gc5g1]}) 23... Bc5 24.
Nc3 $6 (24. Kh1 f5 25. Qf3 Nf6 $1 (25... Bg4 $6 26. Nxg4 fxg4 27. Qg2 Bxf2 28.
Qxf2 $132) 26. Nc3 Bxe3 27. Qxe3 Ng4 28. Qf3 Nxf2+ 29. Qxf2 b4 $17) 24... Nf6
$1 $19 {The pin over the diagonal a7-g1 is lethal} 25. f5 (25. Qf3 Ng4 26. Re2
Rd2 $1 $19) 25... Nxe4 26. fxe6 Nxf2 27. exf7+ Kxf7 0-1

[Event "Asia-ch 4th"]
[Site "Doha"]
[Date "2003.02.28"]
[Round "7"]
[White "Torre, Eugenio"]
[Black "Kotsur, Pavel"]
[Result "1/2-1/2"]
[WhiteElo "2519"]
[BlackElo "2586"]
[Annotator "Finkel,A"]
[PlyCount "138"]
[EventDate "2003.02.22"]
[EventType "swiss"]
[EventRounds "9"]
[EventCountry "QAT"]
[SourceTitle "CBM 094"]
[Source "ChessBase"]
[SourceDate "2003.05.26"]
[SourceVersion "1"]
[SourceVersionDate "2003.05.26"]
[SourceQuality "1"]

1. d4 Nf6 2. Bg5 e6 3. e4 h6 4. Bxf6 Qxf6 5. c3 d6 6. Bd3 Qg5 {Interesting
move forcing white to weaken kingside by playing g3.} (6... e5 7. Ne2 g6 8. O-O
Bg7 9. Na3 (9. f4 exd4 (9... Qe7 10. Nd2 O-O 11. Nf3 c5 12. Kh1 Nc6 13. fxe5
dxe5 14. d5 Nd8 15. Ng3 b6 16. Qc2 Nb7 17. Rae1 Nd6 $15 {Neiman,E-Razuvaev,Y/
Porto San Giorgio 1999}) 10. cxd4 Nc6 11. e5 Qd8 12. Nbc3 O-O 13. Rc1 dxe5 14.
dxe5 g5 15. Nd5 gxf4 16. Nexf4 Nxe5 17. Rxc7 $36 {Hodgson,J-Ward,C/Millfield
2000}) 9... O-O 10. Nc2 exd4 11. cxd4 c5 12. Ne3 Nc6 13. Nd5 Qh4 14. dxc5 dxc5
15. Nec3 Be6 16. Rc1 Rad8 $11 {Summerscale,A-Adams,M/France 1999}) (6... g6 7.
Ne2 Bg7 8. O-O Nd7 9. f4 Qe7 10. e5 b6 11. Be4 d5 12. Bd3 h5 13. c4 Bb7 14.
cxd5 Bxd5 15. Nbc3 $14 {Hodgson,J-Ivanov,A/Philadelphia 2000}) 7. g3 e5 8. Nd2
Nc6 $5 {In the previous game played in this variation black refrained from
developing the knight to c6.} (8... g6 9. Ne2 $5 (9. Ngf3 Qf6 10. O-O Bg7 11.
Kg2 O-O 12. h3 Nc6 $13) 9... Bg7 10. f4 Qe7 11. O-O Bh3 12. Rf2 Nd7 13. Qb3 (
13. dxe5 dxe5 14. f5 O-O-O $17 {[%cal Gd7c5]}) 13... Rb8 14. Qa3 exd4 $5 $132 {
Karttunen,M-Relange,E/Halkidiki 2002/CBM 92_01}) 9. Ne2 g6 10. f4 Qe7 11. Bb5
Bd7 {Black has to keep the center closed. After} (11... exd4 $6 12. cxd4 a6 13.
Qa4 Bd7 14. d5 Ne5 15. Bxd7+ Nxd7 16. Rc1 Rc8 17. Qb4 Nc5 18. Qd4 $16 {white
is clearly better.}) 12. Qa4 $5 a6 13. d5 Nb8 14. Bxd7+ Nxd7 15. f5 h5 16. Qc4
Bh6 $5 {It's pretty obvious that black won an opening battle, however he has
to play accurately not to give his initiative to slip away.} (16... Rc8 17.
fxg6 fxg6 18. Nb3 Bh6 19. Na5 $140 $2 O-O 20. Nxb7 Qg5 $1 $17 {[%csl Re1]}) 17.
Nf3 ({An endgame arising after} 17. Qxc7 Nc5 18. Qxe7+ Kxe7 19. Rf1 Nd3+ 20.
Kd1 Nxb2+ 21. Kc2 Na4 $15 {is cleraly better for black.}) 17... Nc5 18. O-O b5
(18... gxf5 $5 19. exf5 (19. Nh4 fxe4 20. Nf5 Qg5 21. a4 (21. b4 b5 $19 {
[%csl Rc4]}) 21... Qd2 $1 $17) 19... Rg8 {[%cal Gg8g4]} 20. Qh4 Qxh4 21. Nxh4
Kd7 $15) 19. Qb4 O-O (19... gxf5 $5) 20. c4 Rab8 (20... Nxe4 21. cxb5 Nf6 22.
Nc3 Be3+ 23. Kh1 Bc5 24. Qc4 axb5 25. Qxb5 e4 $13) 21. b3 Nxe4 22. cxb5 Nf6 23.
Nc3 axb5 $1 {Keeping a pressure.} (23... Be3+ $5 24. Kh1 Bc5 25. Qc4 axb5 26.
Qe2 (26. Nxb5 $2 Ng4 $17 {[%cal Gg4e3]}) 26... b4 27. Ne4 Nxd5 28. Nxc5 dxc5
$15) 24. Rae1 Qd7 25. Qh4 $1 {Only chance to get some counterplay.} b4 (25...
Kg7 $5 26. h3 gxf5 $1 (26... b4 $6 27. Ne4 Nxd5 28. f6+ Kg8 29. g4 Be3+ 30. Kh1
Ra8 31. Re2 Qb5 32. Rfe1 Qd3 33. gxh5 $36) 27. Qb4 f4 28. Kg2 c5 29. dxc6 Qxc6
$17) 26. Ne4 Nxe4 {It's hard to criticize black for this move, but I see
nothing wrong in taking the pawn:} (26... Nxd5 $5 27. Rd1 c6 28. Rxd5 $140 Qa7+
29. Kh1 cxd5 $19 {and black should win it.}) 27. Rxe4 Qb5 (27... Qxf5 $6 28.
Nxe5 Bg5 29. Rxf5 Bxh4 30. Nxg6 $1 fxg6 31. Rxf8+ Kxf8 32. Rxh4 Ke7 $15) 28. g4
$1 Qxd5 29. g5 Bg7 30. f6 Bh8 {[%csl Rh8] Black is 2 pawns up, but his bishop
is stuck on h8, so it's far from easy to convert his material advantage into a
point.} 31. Re2 (31. Rxb4 $4 Qc5+ $19) 31... Rb5 32. Nd2 Ra8 33. Ne4 Rba5 34.
Qf2 Qe6 35. Rc1 d5 36. Nc5 Qg4+ 37. Qg2 Qf4 ({It's intersting to mention that
after} 37... Qxg2+ 38. Rxg2 Rxa2 39. Rxa2 Rxa2 40. Nd3 {[%csl Rb4,Re5]} e4 41.
Nxb4 Ra5 42. h4 Rb5 43. Nc6 $44 {white is doing ok.}) 38. Rcc2 h4 39. h3 e4 40.
Qg4 Qe5 $6 {This move should also be enough for a win, but much more
convincing was} (40... Qd6 $1 41. Na4 Re8 $1 {[%cal Gd5d4] and white is
helpless against d4.}) 41. Nd3 Qa1+ 42. Ne1 Bxf6 (42... Rxa2 $4 43. Rxa2 Rxa2
44. Qc8+ Kh7 45. Qf8 Bxf6 46. Qh6+ Kg8 47. gxf6 Qd4+ 48. Kh1 Qxf6 49. Rxa2 $18)
(42... c5 $5 $19) 43. gxf6 Qxf6 44. Ng2 Qa1+ 45. Kh2 Rxa2 46. Rxa2 Rxa2 47.
Qc8+ Kg7 48. Rxa2 Qxa2 49. Qxc7 Qxb3 $6 {I'm not sure that black keeps winning
chances after this move. Much better was} (49... Qb2 $1 {[%csl Ge5] taking
control over e5.}) 50. Qe5+ Kh7 51. Nxh4 Qc2+ 52. Ng2 b3 (52... Qf2 53. Qxd5 e3
54. Qb3 e2 55. Qxb4 $11) 53. Qf4 $1 Kg8 54. Qb8+ Kg7 55. Qe5+ Kh7 56. Qf4 Qc3
57. Qxf7+ Qg7 58. Qf4 $11 {[%csl Rh7]} Qe7 (58... b2 59. Qh4+ Qh6 60. Qe7+ Kg8
61. Qe6+ Kh8 62. Qe8+ $11) 59. Qb8 $1 d4 60. Qxb3 Qe5+ 61. Kg1 e3 62. Qf7+ Kh6
63. Nf4 Qf5 64. Qxf5 gxf5 65. h4 d3 66. Kf1 d2 67. Ke2 Kg7 68. Ng2 Kh6 69. Nxe3
f4 1/2-1/2

[Event "EU-ch 4th"]
[Site "Istanbul"]
[Date "2003.06.12"]
[Round "12"]
[White "Karadeniz, Ali Emre"]
[Black "Cherniaev, Alexander"]
[Result "1-0"]
[WhiteElo "2308"]
[BlackElo "2501"]
[Annotator "Finkel,A"]
[PlyCount "67"]
[EventDate "2003.05.30"]
[EventType "swiss"]
[EventRounds "13"]
[EventCountry "TUR"]
[SourceTitle "CBM 096"]
[Source "ChessBase"]
[SourceDate "2003.09.25"]
[SourceVersion "1"]
[SourceVersionDate "2003.09.25"]
[SourceQuality "1"]

1. d4 Nf6 2. Bg5 e6 3. e4 c5 4. d5 h6 5. Bxf6 Qxf6 6. Nc3 d6 (6... a6 7. Nf3 e5
(7... d6 8. Be2 Nd7 9. O-O e5 10. a4 b6 11. Nd2 Qd8 12. Nc4 Be7 13. Qd3 O-O $13
{Abramov,V-Nikanorov,A/St Petersburg 1999}) 8. a4 d6 9. Nd2 b6 10. Be2 Qd8 11.
Bg4 Be7 12. Bxc8 {1/2-1/2 Tondivar,B-Pliester,L/Leeuwarden 1993/TD (12)}) 7.
Nf3 (7. Bb5+ Nd7 8. dxe6 fxe6 9. Nf3 Qf7 10. a4 Be7 11. O-O O-O 12. a5 Rd8 13.
Qe2 $14 {Siptitz,F-Dittrich,C/Mecklenburg VP 1998}) 7... e5 (7... Be7 8. e5
dxe5 9. d6 Bd8 10. d7+ (10. Ne4 Qf4 11. Bd3 Nd7 12. g3 Qf5 13. Nxc5 Qg4 14.
Nxd7 Bxd7 15. Nxe5 Qb4+ 16. c3 Qxd6 17. Qh5 Qe7 18. Nxf7 {1-0 Mihok,L-Hafiz,S/
Budapest 2000/CBM 77 ext (18)}) 10... Nxd7 11. Ne4 Qe7 12. Nd6+ Kf8 13. Bb5 e4
14. Nxc8 Rxc8 15. Bxd7 Ba5+ $17 {Halsegger,H-Kratschmer,H/Austria 1997}) 8. Be2
(8. Bb5+ Nd7 9. a4 Be7 10. O-O O-O 11. Nd2 Qg6 12. Be2 Nf6 13. Rb1 $14 {
Leroy,D-Ivanov,J/Saint Quentin 2000}) 8... g6 9. Nd2 $5 (9. O-O Bg7 10. Nd2 a6
11. a4 b6 12. Nc4 Nd7 13. Ra3 h5 14. Rb3 Rb8 $13 {Popov,I-Lanin,A/Moscow 2002})
9... h5 $6 {There was no need to give up a right to castle. More logical looked
} (9... Nd7 10. Nc4 Be7 11. O-O O-O 12. Qd2 Kh7 13. f4 $140 $6 exf4 14. Rxf4
Qg7 15. Raf1 Bg5 16. Nxd6 Ne5 $15) 10. Nc4 Nd7 (10... Bd7 11. a4 Na6 12. Nb5
Be7 13. O-O O-O 14. Ra3 $14) 11. Nb5 Kd8 12. O-O a6 13. Nc3 b6 (13... Bh6 14.
Rb1 Kc7 15. b4 cxb4 16. Rxb4) 14. Rb1 Bh6 15. b4 b5 16. Na5 cxb4 $6 ({It was
necessary to play} 16... Qf4 $1 {[%cal Gf4d2]} 17. Rb3 cxb4 18. Rxb4 Qd2 19.
Qa1 $44 {with very unclear position.}) 17. Rxb4 Nc5 $6 18. a4 bxa4 19. Nxa4
Nxa4 20. Rxa4 Ke7 21. Qa1 {[%csl Ra6]} Kf8 22. Nc6 Kg7 23. Bxa6 Bg4 $6 (23...
Bd7 24. Rb1 h4 25. h3 Bd2 26. Bb5 Rxa4 27. Qxa4 $16) 24. Rb1 Qg5 25. Qa3 Qd2 (
25... Qf6) 26. Qxd6 $18 Qxc2 27. Rba1 Bg5 28. h3 Bh4 29. R4a2 Bxf2+ 30. Kh2 Qc5
31. Qxe5+ Kg8 32. Ne7+ Kh7 33. Rf1 Rhe8 34. Raxf2 1-0